[Event "Jaen op 21st"]
[Site "Jaen"]
[Date "2011.02.06"]
[Round "1"]
[White "Caballero Serena, Jose"]
[Black "Fedorchuk, Sergey A"]
[Result "0-1"]
[WhiteElo "1903"]
[BlackElo "2650"]
[PlyCount "29"]
[EventDate "2011.02.06"]
[EventType "swiss (rapid)"]
[EventRounds "9"]
[EventCountry "ESP"]
[SourceTitle "CBM 140 Extra"]
[Source "ChessBase"]
[SourceDate "2011.03.01"]
[SourceVersion "1"]
[SourceVersionDate "2011.03.01"]
[SourceQuality "1"]

1. d4 Nf6 2. Nf3 e6 3. e3 c5 4. c3 b6 5. Bd3 Bb7 6. Nbd2 Nc6 7. 0-0 Qc7 8. Qe2 Be7 9. e4 cxd4 10. cxd4 Nb4 11. Bb1 Ba6 12. Qe3 Bxf1 13. Kxf1 Ng8 14. Ke1 Qd8 15. Ng1 0-1